Normal view
MARC view
- قانون مدني
Entry Topical Term
001 - CONTROL NUMBER
- control field: 59844
003 - CONTROL NUMBER IDENTIFIER
- control field: JO-AjAnu
005 - DATE AND TIME OF LATEST TRANSACTION
- control field: 20230606083801.0
008 - FIXED-LENGTH DATA ELEMENTS
- fixed length control field: 230606|| aca||aabn | a|a d
040 ## - CATALOGING SOURCE
- Original cataloging agency: JO-AjAnu
- Transcribing agency: JO-AjAnu
150 ## - HEADING--TOPICAL TERM
- Topical term or geographic name entry element: قانون مدني
670 ## - SOURCE DATA FOUND
- Source citation: Work cat.: (JO-AjAnu)30518: اعداد: بني احمد، بهاء الدين خليل حسن؛ اشراف: منتصر احمد مفلح القضاة , author 59843, القيود المفروضة على السلطة التأديبية والاثار المترتبة عليها في التشريع الاردني = The Restriction on disciplinary authority and its implications Jordanian Legistislation